000 00393nam a2200169Ia 4500
001 24101
003 IN-NITTTR
005 20251114233309.0
008 251113s9999||||xx |||||||||||||| ||eng||
040 _beng
040 _cIN-NITTTR
041 _aeng
082 _a031.02 G94 R
245 0 _aGuinness World Records 2000 /
_cKynaston, Nic, ed.
700 _aKynaston, Nic
942 _2ddc
_cBK
999 _c26730
_d26730